000 00406nam a2200145Ia 4500
008 230711s9999||||xx |||||||||||||| ||und||
041 _aENG
082 _a658
_bTI-S
100 _aTimoshenko,Stephen
245 0 _aStrength of material : elementery theory and problems
250 _a2nd
260 _c1986
_aNew Delhi
_bCBS Publishers & Distributors Pvt.Ltd
650 _aMechanical Engineering
942 _cBK
999 _c1476
_d1476